|
|
|
|
| LEADER |
01063nam a2200253 a 4500 |
| 001 |
3921725 |
| 008 |
090917s1992 ctua b 001 0 eng d |
| 010 |
|
|
|a \\\92005270
|
| 020 |
|
|
|a 1565490053 (alk. paper)
|
| 020 |
|
|
|a 1565490045 (pbk. : alk. paper)
|
| 040 |
|
|
|a DLC
|c DLC
|d DLC
|
| 082 |
0 |
0 |
|a 307.1/412/095492
|2 20
|
| 100 |
1 |
|
|a Lovell, Catherine H.
|
| 245 |
1 |
0 |
|a Breaking the cycle of poverty :
|b the BRAC strategy /
|c Catherine H. Lovell.
|
| 260 |
|
|
|a West Hartford, Conn. :
|b Kumarian Press,
|c 1992.
|
| 300 |
|
|
|a x, 205 p. :
|b ill. ;
|c 23 cm.
|
| 490 |
0 |
|
|a Kumarian Press library of management for development
|
| 504 |
|
|
|a Includes bibliographical references (p. 190-194) and index.
|
| 541 |
1 |
|
|e 00014879
|
| 610 |
2 |
0 |
|a Bangladesh Rural Advancement Committee.
|
| 650 |
|
0 |
|a Rural development
|z Bangladesh.
|
| 852 |
4 |
|
|a Ayesha Abed Library
|j General shelf
|
| 999 |
|
|
|c 4103
|d 4103
|
| 952 |
|
|
|0 0
|1 0
|2 ddc
|4 0
|6 307_141209549200000_LOV_1992
|7 0
|9 3775
|a BRACUL
|b BRACUL
|c GEN
|d 2009-10-03
|g 175.00
|l 1
|o 307.1412095492 LOV
|p 3010014879
|r 2018-03-01
|s 2018-03-01
|t 1
|v 350.00
|w 2009-10-03
|y BK
|